000 01891nam0a2200361 4500
001 RU\NLR\bibl\978997
005 20250614213821.0
010 _a5-9758-0049-8
_91000
021 _aRU
_b2006-38413
_91930
035 _a(nilc)RSL-KNO-002904434
035 _a(NLR Aleph) 000966906
090 _a374780
_c374780
100 _a20060622d2006 |||y0rusy50 ca
101 0 _arus
102 _aRU
105 _ay |||||||||
106 _ar
200 1 _aПолитические перспективы формирования функционального гражданского общества в России
_e[монография]
_fИ. Г. Горький
_gФедер. агентство по образованию, Сарат. гос. ун-т им. Н. Г. Чернышевского
210 _aСаратов
_cНауч. кн.
_d2006
_eСаратов
_gРизограф ООО "Мелон"
215 _a464, [1] с.
_d21 cм
320 _aБиблиогр.: с. 442-464 (470 назв.) и в подстроч. примеч.
606 1 _aГражданское общество
_xПолитологический аспект
_yРоссийская Федерация
_92251093
_3RU\NLR\auth\661350251
610 0 _aСоциология -- Социальные подсистемы -- Научное управление обществом -- Философско-методологические проблемы управления -- Объективные условия и субъективный фактор в управлении
686 _aС556.372.2,0
_2rubbk
686 _aФ3(2)11
700 1 _aГорький
_bИ. Г.
_gИгорь Геннадьевич
_4070
801 0 _aRU
_bРКП
_c20060622
_grcr
801 1 _aRU
_bРГБ
_c20060622
801 2 _aRU
_bNLR
_c20060830
_grcr
830 _aавт. по кн.
942 _cBOOK
980 _aNB